[Event "AUTO-ADV-93"]
[Site "http://www.queenalice.com/game.php?id=33988"]
[Date "2005.10.19"]
[Round "1"]
[White "arbasa0804"]
[Black "Pegasus"]
[Result "0-1"]
[WhiteElo "1327"]
[BlackElo "1562"]

1. e4 e5 2. d4 exd4 3. Qxd4 Nc6 4. Qd5 Nf6 5. Qc4 Ne5 6. Qd4 Qe7 7. Bg5 Qb4+ 8.
Qd2 Nxe4 9. c3 Nxd2 10. Nxd2 Qxb2 11. Rb1 Qxc3 12. Rb5 d6 13. Rb3 Qc1+ 14. Ke2
Nc4 15. Nxc4 Qxc4+ 16. Ke1 Qd5 17. h4 f6 18. Re3+ Be7 19. Bf4 Qxa2 20. Ne2 Qb1+
21. Kd2 Bf5 0-1

[Event "AUTO-ADV-93"]
[Site "http://www.queenalice.com/game.php?id=33989"]
[Date "2005.10.19"]
[Round "1"]
[White "Pegasus"]
[Black "arbasa0804"]
[Result "1-0"]
[WhiteElo "1555"]
[BlackElo "1334"]

1. d4 e6 2. c4 a5 3. e4 Bb4+ 4. Bd2 c6 5. Nf3 f5 6. exf5 Nf6 7. Bxb4 axb4 8. Bd3
Nh5 9. fxe6 dxe6 10. Ne5 Qxd4 11. Bg6+ hxg6 12. Qxd4 Rf8 13. Nd2 Nf4 14. Kf1 Nd7
15. Nxd7 Bxd7 16. Qxg7 c5 17. g3 Nh3 18. Qxg6+ Ke7 19. Qh7+ Rf7 20. Qxh3 e5 21.
Qg2 1-0

[Event "AUTO-ADV-93"]
[Site "http://www.queenalice.com/game.php?id=33990"]
[Date "2005.10.19"]
[Round "1"]
[White "arbasa0804"]
[Black "Yunta"]
[Result "1/2-1/2"]
[WhiteElo "1333"]
[BlackElo "1627"]

1. e4 c5 2. d3 d6 3. c4 Nf6 4. Nf3 Bg4 5. Qa4+ Bd7 6. Qc2 e5 7. a4 a5 8. Nc3 Bg4
9. Ng5 Bh5 10. Bd2 Ng4 11. f3 Nh6 12. Qb3 b6 13. Qb5+ Nd7 14. g3 f6 15. Ne6 Qc8
16. Nd5 Kf7 17. Ndc7 Ra7 18. Bh3 Kg8 19. g4 Bf7 20. g5 Bh5 21. gxh6 g6 22. Rf1
g5 23. Bxg5 fxg5 24. Nd5 Qb8 25. Ng7 Bxg7 26. hxg7 Kxg7 27. Rg1 h6 28. Bxd7 Rf8
29. O-O-O Rxf3 30. Rgf1 Rh3 31. Rd2 g4 32. Rdf2 Rxd3 33. Rf8 Rd1+ 34. Kxd1 g3+
35. Ke1 Qb7 36. Rd8 g2 37. Rg1 Bf3 38. Kf2 Bxe4 39. Ne3 Bf3 40. Nxg2 Kf6 41.
Rf8+ Ke7 42. Rxf3 Qxd7 43. Nh4 Qxb5 44. Rg7+ Ke6 45. cxb5 Rxg7 46. Rf5 Rf7 47.
Rf3 Rf4 48. Ng6 Rxa4 49. Nf8+ Kd5 50. Nd7 Kd4 51. Nxb6 Rb4 52. Rh3 Rxb2+ 53. Ke1
Rxb5 54. Na4 Rb1+ 55. Kd2 Ra1 56. Rh4+ Kd5 57. Nc3+ Kc6 58. Rxh6 a4 59. Ne4 Kd5
60. Nxd6 Rb1 61. Kd3 Rb3+ 62. Kc2 c4 63. Nf5 Ke4 64. Ng3+ Kf3 65. Rf6+ Kg2 66.
Ne4 Kxh2 67. Nc5 Rb4 68. Kc3 Rb8 69. Nxa4 Re8 70. Kxc4 e4 71. Nb2 e3 72. Nd3 e2
73. Ne1 Kg3 74. Rf3+ Kg4 75. Kd3 Re7 76. Rf2 Re8 77. Rg2+ Kh3 78. Rg1 Re6 79.
Rh1+ Kg3 80. Rh5 Kf2 81. Rh1 Rd6+ 82. Kc2 Rd1 83. Nd3+ Ke3 84. Rh3+ Kd4 85. Rh4+
Ke3 86. Rh3+ Kd4 87. Rh4+ Ke3 88. Rh3+ Kd4 89. Rh4+ 1/2-1/2

[Event "AUTO-ADV-93"]
[Site "http://www.queenalice.com/game.php?id=33991"]
[Date "2005.10.19"]
[Round "1"]
[White "Yunta"]
[Black "arbasa0804"]
[Result "1-0"]
[WhiteElo "1593"]
[BlackElo "1333"]

1. e4 f6 2. Bc4 e6 3. e5 fxe5 4. Qh5+ g6 5. Qxe5 Bd6 6. Qxh8 Qg5 7. g3 Kf8 8.
Ne2 Be5 9. d3 Qh5 10. Bh6+ Qxh6 11. Qxe5 Nc6 12. Qf4+ Qxf4 13. Nxf4 Nd4 14. Na3
Nf3+ 15. Kd1 Nf6 16. h3 c6 17. Ne2 d5 18. Bb3 a5 19. c3 b5 20. Ng1 a4 21. Bc2
Ng5 22. h4 Nf7 23. Nf3 Ng4 24. Rf1 h5 25. d4 Kg7 26. Kd2 Nd6 27. Rae1 Bd7 28.
Ne5 Nh2 29. Rh1 Nf3+ 30. Nxf3 Rf8 31. Ne5 Rxf2+ 32. Re2 Rf6 33. Nxd7 Rf3 34.
Rxe6 Rf2+ 35. Ke1 Rg2 36. Rxg6+ Kf7 37. Ne5+ Ke7 38. Nxc6+ Kd7 39. Rf1 Kxc6 40.
Rff6 Rg1+ 41. Kf2 Rc1 42. Rxd6+ Kc7 43. Nxb5+ Kb7 44. Rg7+ 1-0

[Event "AUTO-OPEN-162"]
[Site "http://www.queenalice.com/game.php?id=34164"]
[Date "2005.10.20"]
[Round "1"]
[White "stamm"]
[Black "arbasa0804"]
[Result "1-0"]
[WhiteElo "1605"]
[BlackElo "1320"]

1. e4 e5 2. Nf3 d5 3. Nxe5 Bd6 4. d4 c5 5. Bb5+ Ke7 6. Qf3 Bxe5 7. dxe5 a6 8.
Be2 d4 9. O-O Nc6 10. Bg5+ f6 11. exf6+ Kd6 12. Qf4+ Ne5 13. fxg7 Ne7 14. Bxe7+
Kxe7 15. Qxe5+ Be6 16. Qxc5+ Kf7 17. gxh8=Q Qxh8 18. Qc7+ Kf6 19. Qxb7 Rg8 20.
g3 Rg7 21. Qxa6 h5 22. Nd2 h4 23. Bc4 hxg3 24. Qxe6+ Kg5 25. Qf5+ 1-0

[Event "AUTO-OPEN-162"]
[Site "http://www.queenalice.com/game.php?id=34165"]
[Date "2005.10.20"]
[Round "1"]
[White "arbasa0804"]
[Black "stamm"]
[Result "0-1"]
[WhiteElo "1315"]
[BlackElo "1610"]

1. e4 d5 2. d3 dxe4 3. dxe4 Qxd1+ 4. Kxd1 e5 5. Bb5+ c6 6. Bc4 b5 7. Bb3 Bc5 8.
Nf3 Bg4 9. h3 Bxf3+ 10. gxf3 a5 11. Rg1 g6 12. f4 Nd7 13. fxe5 Nxe5 14. f4 Bxg1
15. fxe5 Rd8+ 16. Nd2 a4 17. Bxf7+ Kxf7 18. Ke2 Ne7 19. Nf3 Ba7 20. Bh6 Ke6 21.
Ng5+ Kxe5 22. Bg7+ Kf4 23. Nf3 Rhg8 24. Be5+ Kxe4 0-1

[Event "AUTO-OPEN-162"]
[Site "http://www.queenalice.com/game.php?id=34210"]
[Date "2005.10.20"]
[Round "1"]
[White "Aguirre"]
[Black "arbasa0804"]
[Result "1-0"]
[WhiteElo "1617"]
[BlackElo "1339"]

1. e4 e5 2. Nf3 Bb4 3. c3 Bc5 4. Nxe5 d6 5. Nf3 Bg4 6. d4 Bb6 7. h3 Bxf3 8. Qxf3
f6 9. e5 Nc6 10. exf6 gxf6 11. Bb5 Qe7+ 12. Be3 Kf8 13. Bxc6 bxc6 14. Qxc6 Qe8
15. Qxe8+ Rxe8 16. O-O Ne7 17. Nd2 Nd5 18. Rfe1 c5 19. Nc4 cxd4 20. Nxb6 axb6
21. Bxd4 Rxe1+ 22. Rxe1 Kg7 23. c4 Nf4 24. Bxb6 Rg8 25. Re7+ Kf8 26. Rxh7 Rxg2+
27. Kf1 Kg8 28. Rh4 Rh2 29. Rxf4 Rxh3 30. Rxf6 Rh1+ 31. Kg2 Rb1 32. Bd4 Rc1 33.
Rxd6 Rxc4 34. b3 1-0

[Event "AUTO-OPEN-162"]
[Site "http://www.queenalice.com/game.php?id=34211"]
[Date "2005.10.20"]
[Round "1"]
[White "arbasa0804"]
[Black "Aguirre"]
[Result "0-1"]
[WhiteElo "1345"]
[BlackElo "1605"]

1. e4 e5 2. h4 Nf6 3. Nc3 Bb4 4. Nd5 Nxd5 5. c3 Nxc3 6. bxc3 Bc5 7. d4 exd4 8.
cxd4 Bb4+ 9. Bd2 Bxd2+ 10. Qxd2 O-O 11. Bc4 Nc6 12. Nf3 d6 13. e5 dxe5 14. Qd3
exd4 15. Ng5 g6 16. O-O Ne5 17. Qe4 Nxc4 18. Rad1 Re8 19. Qf4 Nd6 20. Rxd4 Be6
21. Re1 Bxa2 22. Rxd6 Rxe1+ 23. Kh2 Qxd6 24. Qg3 Rd8 25. f4 c5 26. h5 c4 27.
Qxe1 Qxf4+ 28. g3 Qxg5 29. hxg6 Qd2+ 30. Qxd2 Rxd2+ 31. Kh3 c3 32. g4 c2 0-1

[Event "revoltados"]
[Site "http://www.queenalice.com/game.php?id=51619"]
[Date "2006.2.8"]
[Round "-"]
[White "arbasa0804"]
[Black "Jorge"]
[Result "1-0"]
[WhiteElo "1307"]
[BlackElo "1367"]

1. e4 e5 2. Be2 Nf6 3. f3 Bc5 4. Nh3 h6 5. g4 O-O 6. Nc3 c6 7. Na4 Bd6 8. Bc4 b5
9. Nc3 bxc4 10. b4 Bxb4 11. g5 Nh5 12. Rb1 hxg5 13. Rg1 f6 14. Rxb4 Ba6 15. a3
c5 16. Ra4 Bb7 17. Nb5 Bc6 18. f4 Bxb5 19. Ra5 Qb6 20. fxg5 Qxa5 21. Qxh5 Qd8
22. g6 Qa5 23. Qh7# 1-0

[Event "jogo de estratégias"]
[Site "http://www.queenalice.com/game.php?id=74290"]
[Date "2006.6.4"]
[Round "-"]
[White "arbasa0804"]
[Black "adlerburg"]
[Result "0-1"]
[WhiteElo "1327"]
[BlackElo "1549"]

1. Nf3 d6 2. e4 e5 3. c4 Nf6 4. d3 Nc6 5. d4 Bg4 6. Bg5 Be7 7. dxe5 Nxe4 8. Qd5
Bxg5 9. Qxe4 Bxf3 10. gxf3 O-O 11. h4 Bc1 12. h5 Nb4 13. Nc3 dxe5 14. Rxc1 f5
15. Qxe5 Nd3+ 16. Bxd3 Re8 17. Qe2 Rxe2+ 18. Bxe2 Qg5 19. Rd1 Qg2 20. Rf1 Qh2
21. c5 Qxh5 22. Kd2 a5 23. Rh1 Qg5+ 24. Kc2 Qe7 25. Nd5 Qxe2+ 26. Rd2 Qc4+ 27.
Nc3 b5 28. Rhd1 Qh4 29. Nxb5 Qa4+ 30. b3 Qxb5 31. a4 Qxc5+ 32. Kb2 g5 33. Rh1
Qe7 34. Rhd1 Qe5+ 35. Ka3 Qe7+ 36. Ka2 Rb8 37. Rd7 Qe6 38. R7d3 Kg7 39. Rd7+ Kg8
40. f4 Qxb3+ 41. Ka1 Qb2# 0-1

[Event "Challenge"]
[Site "http://www.queenalice.com/game.php?id=74438"]
[Date "2006.6.5"]
[Round "-"]
[White "adlerburg"]
[Black "arbasa0804"]
[Result "1-0"]
[WhiteElo "1598"]
[BlackElo "1339"]

1. e4 Nc6 2. Bc4 e6 3. d4 Nb4 4. Nf3 c6 5. a3 Na6 6. O-O Nf6 7. e5 Ne4 8. Qe2 f5
9. Nc3 Nxc3 10. bxc3 Nc7 11. Bf4 b5 12. Bb3 Ba6 13. c4 d5 14. exd6 bxc4 15. dxc7
Qc8 16. Bxc4 Bb7 17. Bxe6 Qxc7 18. Bxc7 c5 19. Bc8+ Be4 20. Qb5+ Kf7 21. Qd7+
Be7 22. Ng5+ Kf6 23. f4 g6 24. Be5# 1-0

[Event "Challenge"]
[Site "http://www.queenalice.com/game.php?id=127451"]
[Date "2006.11.9"]
[Round "-"]
[White "TomBishop"]
[Black "arbasa0804"]
[Result "1-0"]
[WhiteElo "1580"]
[BlackElo "1355"]

1. d4 e6 2. e4 c6 3. e5 h6 4. a3 a6 5. Nf3 Qa5+ 6. Bd2 Qd5 7. Nc3 Qa5 8. Be2 b5
9. b4 Qb6 10. Be3 a5 11. bxa5 Qxa5 12. Bd2 b4 13. Na2 h5 14. Ng5 Qxa3 15. O-O f6
16. Ne4 Ne7 17. Bxb4 Qa4 18. Bc3 Nd5 19. Bxh5+ Ke7 20. Bf3 Ba6 21. Nb4 Nxc3 22.
Nxc3 Qxb4 23. Qd2 Rh4 24. Nd5+ cxd5 25. Qxb4+ Ke8 26. Qe1 fxe5 27. dxe5 Nc6 28.
Be2 1-0

[Event "Challenge"]
[Site "http://www.queenalice.com/game.php?id=133398"]
[Date "2006.11.25"]
[Round "-"]
[White "rafaelbdb"]
[Black "arbasa0804"]
[Result "1-0"]
[WhiteElo "1447"]
[BlackElo "1348"]

1. e4 e5 2. Nf3 Bc5 3. Nxe5 d6 4. Nf3 Bg4 5. Be2 Qf6 6. Nc3 Bxf3 7. Bxf3 Qd4 8.
O-O Ne7 9. Nb5 Qe5 10. Nxc7+ Kd7 11. Nxa8 Ng6 12. c3 Re8 13. d4 Bxd4 14. cxd4
Qb5 15. Bg4+ Ke7 16. Nc7 Qa5 17. Nxe8 Kxe8 18. Bd2 Qb6 19. Bc3 Nf4 20. Rc1 Nd7
21. Bxd7+ 1-0

[Event "Challenge"]
[Site "http://www.queenalice.com/game.php?id=208135"]
[Date "2007.5.8"]
[Round "-"]
[White "arbasa0804"]
[Black "Jorge"]
[Result "0-1"]
[WhiteElo "1327"]
[BlackElo "1439"]

1. e4 e5 2. Qh5 d6 3. Bc4 g6 4. Qf3 Nh6 5. h3 Nc6 6. d3 Be6 7. g4 Bg7 8. g5 Ng8
9. Bb5 Qd7 10. Be3 O-O-O 11. Bxa7 Qe7 12. Bxc6 bxc6 13. Qe2 Qxg5 14. d4 Qc1+ 15.
Qd1 Qxb2 16. Nd2 exd4 17. Rb1 Qxa2 18. Rb8+ Kd7 19. Rb7 Ne7 20. Ne2 Ra8 21. Bb6
Qa6 22. Rxc7+ Ke8 23. Qb1 Rb8 24. Ra7 Rxb6 25. Ra8+ Qxa8 26. Qxb6 Nc8 27. Qb4
Qa1+ 28. Nb1 Qa6 29. Nxd4 c5 30. Qd2 cxd4 31. Qb4 Bf8 32. Qxd4 Qa5+ 33. Kf1 Qb5+
34. Kg2 Qg5+ 35. Kf1 Qb5+ 36. Kg2 Qg5+ 37. Kf3 Qh5+ 38. Ke3 Qh6+ 39. f4 Bg7 40.
Qa4+ Bd7 41. Qc4 Nb6 42. Qb4 Nc8 43. Nd2 f6 44. Nf3 Bf8 45. Ra1 d5 46. Qd4 Ne7
47. Ra8+ Kf7 48. e5 fxe5 49. Qxe5 Nf5+ 50. Kf2 Bc5+ 51. Ke1 Bb4+ 52. Kd1 Rxa8
53. Qxd5+ Kf6 54. Qe5+ Kf7 55. Qd5+ Kf6 56. Qxa8 Qxf4 57. Qa6+ Be6 58. Qa1+ Kf7
59. Ne5+ Kg7 60. Nd3+ Qd4 61. Qa8 Qg1+ 62. Ke2 Nd4# 0-1

[Event "Challenge"]
[Site "http://www.queenalice.com/game.php?id=208136"]
[Date "2007.5.8"]
[Round "-"]
[White "arbasa0804"]
[Black "Jorge"]
[Result "1/2-1/2"]
[WhiteElo "1315"]
[BlackElo "1489"]

1. Nf3 f6 2. Nc3 c6 3. Nd4 g6 4. d3 e5 5. Nf3 d5 6. e3 Bd6 7. Qe2 Ne7 8. d4 e4
9. Nd2 f5 10. f4 O-O 11. g3 b5 12. b4 Bxb4 13. Ncb1 a5 14. c3 Bd6 15. a3 a4 16.
h4 Ba6 17. h5 Rf6 18. h6 Nc8 19. g4 fxg4 20. Rg1 b4 21. Qf2 Qf8 22. Rh1 Nb6 23.
cxb4 Nc4 24. Qh4 Nxe3 25. Ra2 Bxf1 26. Nxf1 Ng2+ 27. Rxg2 Be7 28. Qxg4 Qf7 29.
f5 Rxf5 30. Ne3 Rf6 31. Rf1 Bf8 32. Nf5 Rxf5 33. Rxf5 Qe8 34. Rg5 Bxh6 35. Rh5
Nd7 36. Bxh6 Nf6 37. Re5 Nxg4 38. Rxe8+ Rxe8 39. Rxg4 e3 40. Rf4 e2 41. Rf8+
Rxf8 42. Bxf8 Kxf8 43. Nc3 h5 44. Nxe2 h4 45. Ng1 g5 46. Kf2 Kf7 47. Kg2 g4 48.
Kh2 Kg6 49. Ne2 Kf5 50. Ng1 Ke4 51. Ne2 Ke3 52. Ng1 Kxd4 53. Ne2+ Kc4 54. Nf4 d4
55. Ng2 d3 56. Ne3+ Kc3 57. Nd1+ Kc2 58. Ne3+ Kb2 59. Nc4+ Kc3 60. Ne3 d2 61.
Nd1+ Kc2 62. Ne3+ Kd3 63. Nd1 Ke2 64. Nc3+ Ke1 65. Kg2 d1=Q 66. Nxd1 Kxd1 67.
Kh2 Ke2 68. Kg2 Ke3 69. Kh2 Kf4 70. Kg2 h3+ 71. Kh2 Kf3 72. b5 cxb5 73. Kh1 Kf2
74. Kh2 Kf3 75. Kg1 1/2-1/2

[Event "Challenge"]
[Site "http://www.queenalice.com/game.php?id=233437"]
[Date "2007.7.1"]
[Round "-"]
[White "arbasa0804"]
[Black "gilsinho22"]
[Result "0-1"]
[WhiteElo "1314"]
[BlackElo "1508"]

1. Nf3 f6 2. e4 e5 3. Nc3 d6 4. Bb5+ Bd7 5. Nh4 g5 6. Qh5+ Ke7 7. Ng6+ Kf7 8.
Nxh8+ Kg7 9. Bxd7 Qxd7 10. d3 Kxh8 11. h4 Nc6 12. hxg5 Nd4 13. g6 Nxc2+ 14. Ke2
Nxa1 15. Qf3 Nc2 16. Qg3 Nd4+ 17. Kf1 Bh6 18. Bxh6 Nxh6 19. Rxh6 Rg8 20. Nd5 Qg7
21. Rh5 Qxg6 22. Qh4 Rg7 23. Nxf6 Qxg2+ 24. Ke1 Nf3+ 25. Ke2 Nxh4 26. Rxh4 Qg5
27. Rxh7+ Rxh7 28. Nxh7 Kxh7 29. f3 Qg2+ 30. Ke3 Qxb2 31. a4 b5 32. a5 Qa1 33.
d4 exd4+ 34. Kd3 Qc3+ 35. Ke2 Qxa5 0-1

[Event "Challenge"]
[Site "http://www.queenalice.com/game.php?id=233773"]
[Date "2007.7.2"]
[Round "-"]
[White "claudiocaire"]
[Black "arbasa0804"]
[Result "1-0"]
[WhiteElo "1499"]
[BlackElo "1336"]

1. e4 d6 2. Bc4 e6 3. Qf3 Nf6 4. d4 b6 5. e5 Ng8 6. Qxa8 Bd7 7. Qxa7 d5 8. Bd3
Bb4+ 9. c3 Ba5 10. b4 Nc6 11. Qa6 Bc8 12. Qb5 Qd7 13. bxa5 Nxa5 14. Qb4 h6 15.
Bb5 Nc6 16. Qa4 Qe7 17. c4 h5 18. Bxc6+ Kd8 19. Ba3 Qh4 20. Qb4 Qe4+ 21. Ne2 Rh6
22. Qf8# 1-0

[Event "Challenge"]
[Site "http://www.queenalice.com/game.php?id=267137"]
[Date "2007.9.5"]
[Round "-"]
[White "zxguttixz"]
[Black "arbasa0804"]
[Result "1-0"]
[WhiteElo "1525"]
[BlackElo "1322"]

1. e4 e5 2. Nf3 Nc6 3. Nc3 Bc5 4. Bc4 Qf6 5. Nd5 Qd8 6. O-O Nd4 7. Nxe5 d6 8.
Nxf7 Kxf7 9. Nxc7+ Kf8 10. Nxa8 d5 11. exd5 Bd6 12. c3 Nf5 13. d4 Qh4 14. h3 Nf6
15. f4 Ng3 16. Qe1 Bxh3 17. Rf3 Ng4 18. Qxg3 Qe7 19. Qxh3 Qe1+ 20. Rf1 1-0